000 01094cam a22002771i 4500
003 SA-RiAUC
005 20250826060607.0
008 250824s1979____su g 000 0 ara c
040 _aSA-JeALM
_bara
_cSA-RiAUC
_erda
050 4 _b.I26 1979
082 0 4 _a252.2
_qSA-RiAUC
090 _a252.2
_bا ب ن ز
100 1 _aابن زيني دحلان، أحمد،
_d1232-1304 هجري
_eمؤلف.
245 1 0 _aرسائل هامة في الصلاة /
_cتأليف السيد أحمد بن زيني دحلان.
250 _aالطبعة الثامنة.
264 1 _aمكة المكرمة :
_bشركة مكة للطباعة والنشر،
_c1979
300 _a44 صفحة ؛
_c18 سم
336 _aنص
_btxt
_2rdacontent
_3كتاب
337 _aبدون وسيط
_bn
_2rdamedia
338 _aمجلد
_bnc
_2rdacarrier
650 7 _aالصلاة (فقه إسلامي)
_2aucsh
650 7 _aالصلاة (فقه إسلامي)
_xفضائل
_2aucsh
650 7 _aالعبادات (فقه إسلامي)
_2aucsh
942 _2ddc
_cBOOK
_n0
949 _aSA-JeALM
_d250824
_umohamedma123
_n1
999 _c11138
_d11138